Tangible fixed assets. (Record no. 97658)

MARC details
000 -LEADER
fixed length control field 00980cam a2200349 4500
008 - FIXED-LENGTH DATA ELEMENTS--GENERAL INFORMATION
fixed length control field 090401t1999 xxu||||| |||| 00| 0 eng d
020 ## - INTERNATIONAL STANDARD BOOK NUMBER
International Standard Book Number 1857120795
035 ## - SYSTEM CONTROL NUMBER
System control number (Sirsi) u91633
041 ## - LANGUAGE CODE
Language code of text/sound track or separate title eng
050 ## - LIBRARY OF CONGRESS CALL NUMBER
Classification number 657.73
110 ## - MAIN ENTRY--CORPORATE NAME
Corporate name or jurisdiction name as entry element Accounting Standards Board
9 (RLIN) 3454
240 ## - UNIFORM TITLE
Uniform title FRS 15
245 ## - TITLE STATEMENT
Title Tangible fixed assets.
260 ## - PUBLICATION, DISTRIBUTION, ETC.
Place of publication, distribution, etc. Milton Keynes
Name of publisher, distributor, etc. ASB Publications
Date of publication, distribution, etc. 1999
300 ## - PHYSICAL DESCRIPTION
Extent 96p.
Dimensions 21cm.
350 ## - PRICE (NR) (BK AM CF MU VM SE) [OBSOLETE]
Price 9
490 ## - SERIES STATEMENT
Series statement ASB Financial Reporting Standard
Volume/sequential designation 15
520 ## - SUMMARY, ETC.
Summary, etc. Reprints RICS Definitions from the RICS Appraisal and Valuation Manual (the Red Book).
650 ## - SUBJECT ADDED ENTRY--TOPICAL TERM
Topical term or geographic name entry element ACCOUNTANCY
650 ## - SUBJECT ADDED ENTRY--TOPICAL TERM
Topical term or geographic name entry element ACCOUNTING STANDARDS
650 ## - SUBJECT ADDED ENTRY--TOPICAL TERM
Topical term or geographic name entry element DEPRECIATION
650 ## - SUBJECT ADDED ENTRY--TOPICAL TERM
Topical term or geographic name entry element FIXED ASSETS
650 ## - SUBJECT ADDED ENTRY--TOPICAL TERM
Topical term or geographic name entry element FRED 15
650 ## - SUBJECT ADDED ENTRY--TOPICAL TERM
Topical term or geographic name entry element RICS APPRAISAL AND VALUATION MANUAL
650 ## - SUBJECT ADDED ENTRY--TOPICAL TERM
Topical term or geographic name entry element SSAP 12
650 ## - SUBJECT ADDED ENTRY--TOPICAL TERM
Topical term or geographic name entry element SSAP 19
650 ## - SUBJECT ADDED ENTRY--TOPICAL TERM
Topical term or geographic name entry element Valuation
9 (RLIN) 6273
650 ## - SUBJECT ADDED ENTRY--TOPICAL TERM
Topical term or geographic name entry element FRS15
690 ## - LOCAL SUBJECT ADDED ENTRY--TOPICAL TERM (OCLC, RLIN)
Topical term or geographic name as entry element PROPERTY-PROPERTY FINANCE AND INVESTMENT
942 ## - ADDED ENTRY ELEMENTS (KOHA)
Suppress in OPAC 0
948 ## - LOCAL PROCESSING INFORMATION (OCLC); SERIES PART DESIGNATOR (RLIN)
c (OCLC) 26/02/1999
Holdings
Withdrawn status Lost status Source of classification or shelving scheme Damaged status Not for loan Home library Current library Shelving location Date acquired Cost, normal purchase price Total Checkouts Full call number Barcode Date last seen Date last checked out Copy number Cost, replacement price Price effective from Koha item type
    Dewey Decimal Classification     London London Enquiry desk 14/09/1999 9.00 5 BOXED SET 30057409 06/08/2019 14/04/2003 1 9.00 06/08/2019 Book
    Dewey Decimal Classification     London London Enquiry desk 14/09/1999 9.00 4 BOXED SET 30057411 06/08/2019 05/11/2001 2 9.00 06/08/2019 Book
    Dewey Decimal Classification     London London Enquiry desk 09/12/2002   1 BOXED SET 30057410 06/08/2019 20/01/2005 3   06/08/2019 Book